000 00519nam a2200193Ia 4500
003 IN-BaIIA
008 211028s9999 xx 000 0 eng d
020 _a0-521-80349-7
040 _cIIA Library
080 _a530.145
_bGRI
100 _aGriffiths, R. B
_925967
245 0 _aConsistent quantum theory
_cR. B. Griffiths
260 _aCambridge
_bCambridge University Press
_c2002
300 _axvi, 391p.
650 _aDynamics
_91519
650 _aQuantum theory
650 _aWave mechanics
_91560
942 _cBK
999 _c14593
_d14593